Cal y canto de la Antigua Capitanía /

Guardat en:
Dades bibliogràfiques
Autor principal: González Villanueva, Gustavo
Format: Desconegut
Idioma:Spanish
Publicat: San José, Costa Rica : Ediciones Promesa, 1997.
Matèries:
Etiquetes: Afegir etiqueta
Sense etiquetes, Sigues el primer a etiquetar aquest registre!

MARC

LEADER 000000000a22000000004500
001 003552
020 |a 9977947694 
041 0 |a spa 
082 0 4 |a G861.44   |b G643c 
100 1 |a González Villanueva, Gustavo 
245 1 0 |a Cal y canto de la Antigua Capitanía /   |c Gustavo González Villanueva. 
260 1 |a San José, Costa Rica :   |b Ediciones Promesa,   |c 1997. 
300 |a 161 páginas ;   |c 21 cm. 
650 4 |a LITERATURA GUATEMALTECA 
650 4 |a POESIA 
999 |c 10058  |d 10058 
942 |c BK  |h G861.44 G643c  |2 z